[Event "Rotation Amical 1"]
[Site "Montreal CAN"]
[Date "2002.08.24"]
[Round "2"]
[White "McDonough, Jonathan"]
[Black "Singher, Jean-Pierre"]
[Result "1/2-1/2"]
[WhiteElo "2036"]
[BlackElo "2032"]
[PlyCount "64"]
[EventDate "2002.08.23"]
[EventType "tourn"]
[EventRounds "5"]
[EventCountry "CAN"]

1. d4 Nf6 2. c4 e6 3. Nf3 d5 4. Bg5 Nbd7 5. e3 c6 6. a3 Be7 7. Be2 O-O 8. O-O
dxc4 9. Bxc4 b5 10. Bd3 a6 11. a4 Bb7 12. Nbd2 h6 13. Bh4 Nb6 14. axb5 axb5 15.
e4 Rxa1 16. Qxa1 e5 17. dxe5 Ng4 18. Bxe7 Qxe7 19. Qa5 Na4 20. Nb3 Nxe5 21.
Nxe5 Qxe5 22. Qa7 Ba8 23. Nd4 Nxb2 24. Bc2 Nc4 25. Nf5 Qc3 26. Bb1 b4 27. Qc5
Nd2 28. Ne7+ Kh7 29. Qf5+ g6 30. Nxg6 fxg6 31. Qxf8 Nxf1 32. Qc8 Nd2 1/2-1/2

[Event "Rotation Amical 1"]
[Site "Montreal CAN"]
[Date "2002.08.24"]
[Round "3"]
[White "Brassard, Sylvain"]
[Black "McDonough, Jonathan"]
[Result "1/2-1/2"]
[WhiteElo "1971"]
[BlackElo "2036"]
[PlyCount "86"]
[EventDate "2002.08.23"]
[EventType "tourn"]
[EventRounds "5"]
[EventCountry "CAN"]

1. c4 e6 2. Nf3 Nf6 3. Nc3 d5 4. d4 Be7 5. Bf4 dxc4 6. e3 Nd5 7. Bg3 Nb6 8. Ne5
N8d7 9. Nxc4 a6 10. Nxb6 Nxb6 11. Be2 O-O 12. Qc2 Nd7 13. Ne4 c5 14. O-O Qb6
15. dxc5 Nxc5 16. Nxc5 Qxc5 17. Qxc5 Bxc5 18. Rac1 b6 19. Rfd1 Re8 20. Bf3 Ra7
21. Bc6 Rf8 22. Bb8 Re7 23. Bd6 Bxd6 24. Rxd6 Rc7 25. Rcd1 b5 26. Be4 g6 27.
Kf1 Kg7 28. Ke2 Kf6 29. Rc6 Rxc6 30. Bxc6 Ke7 31. b4 f5 32. f4 h6 33. h4 Rg8
34. a3 Rf8 35. Bf3 Rg8 36. Rc1 e5 37. Bd5 Rd8 38. Bb3 Be6 39. Bxe6 Kxe6 40.
Rc6+ Rd6 41. Rc8 exf4 42. exf4 Kd5 43. Kd3 Ke6+ 1/2-1/2

[Event "Rotation Amical 1"]
[Site "Montreal CAN"]
[Date "2002.08.24"]
[Round "3"]
[White "Corriveau, Philippe"]
[Black "Masse, Hugues"]
[Result "1/2-1/2"]
[WhiteElo "1934"]
[BlackElo "2124"]
[PlyCount "117"]
[EventDate "2002.08.23"]
[EventType "tourn"]
[EventRounds "5"]
[EventCountry "CAN"]

1. e4 c5 2. Nc3 e6 3. Nf3 d5 4. exd5 exd5 5. Bb5+ Nc6 6. Ne5 Bd7 7. Qe2 Nxe5 8.
Qxe5+ Qe7 9. Qxe7+ Nxe7 10. d3 a6 11. Bxd7+ Kxd7 12. Bd2 Kc6 13. O-O-O Nf5 14.
Bf4 Bd6 15. Bxd6 Nxd6 16. Rde1 Rhe8 17. Kd2 Nf5 18. Rxe8 Rxe8 19. Re1 Rxe1 20.
Kxe1 Nh4 21. Kf1 Nf5 22. Ke1 Nd4 23. Kd2 Kd6 24. Ne2 Nc6 25. h3 Ne7 26. Ng1 Ng6
27. c3 Nf4 28. g3 Ne6 29. Nf3 f6 30. Nh4 g6 31. Nf3 Ke7 32. Ke2 Nf8 33. Nd2 Kd6
34. Nb3 Nd7 35. Na5 b6 36. Nb3 Nf8 37. Nd2 Ne6 38. Nf3 Nf8 39. Nd2 Nd7 40. Nf3
Ke6 41. Ke3 Nb8 42. Nd2 Nc6 43. Nf3 Kf5 44. Nh4+ Ke6 45. Nf3 Ne7 46. Ng1 d4+
47. Kd2 dxc3+ 48. bxc3 Nc6 49. Nf3 Ne5 50. Ne1 Nf7 51. Nf3 Ng5 52. Ng1 Kd6 53.
Kd1 Kc6 54. Kc1 Kd5 55. c4+ Kd6 56. a4 Nf7 57. Kd2 Ne5 58. Kc3 Nc6 59. Nf3
1/2-1/2

[Event "Rotation Amical 1"]
[Site "Montreal CAN"]
[Date "2002.08.24"]
[Round "3"]
[White "Singher, Jean-Pierre"]
[Black "Ayotte, Jocelyn"]
[Result "1/2-1/2"]
[WhiteElo "2032"]
[BlackElo "2008"]
[PlyCount "43"]
[EventDate "2002.08.23"]
[EventType "tourn"]
[EventRounds "5"]
[EventCountry "CAN"]

1. d4 d5 2. c4 dxc4 3. Nc3 e5 4. e3 exd4 5. exd4 Nf6 6. Bxc4 Be7 7. h3 O-O 8.
Nf3 Nbd7 9. O-O Nb6 10. Bb3 c6 11. Re1 Nbd5 12. Bg5 Be6 13. Bxf6 Bxf6 14. Ne5
Be7 15. Rc1 Nc7 16. Qd3 Bd5 17. Bc2 g6 18. Bb1 Ne6 19. a3 Qb6 20. Qd2 Rfd8 21.
Qh6 Be4 22. Rxe4 1/2-1/2

[Event "Rotation Amical 1"]
[Site "Montreal CAN"]
[Date "2002.08.25"]
[Round "4"]
[White "Ayotte, Jocelyn"]
[Black "Masse, Hugues"]
[Result "1/2-1/2"]
[WhiteElo "2008"]
[BlackElo "2124"]
[PlyCount "44"]
[EventDate "2002.08.23"]
[EventType "tourn"]
[EventRounds "5"]
[EventCountry "CAN"]

1. d4 Nf6 2. c4 g6 3. Nc3 d5 4. Nf3 Bg7 5. g3 O-O 6. Bg2 c5 7. dxc5 Qa5 8. O-O
dxc4 9. h3 Nc6 10. e4 e5 11. Bg5 Qxc5 12. Be3 Qa5 13. Qe2 b5 14. a3 Bb7 15.
Rad1 Rfd8 16. Bc5 a6 17. Nd5 Nxd5 18. exd5 Nd4 19. Nxd4 exd4 20. Bxd4 Bxd4 21.
Rxd4 Qb6 22. Rfd1 Rd7 1/2-1/2

[Event "Rotation Amical 1"]
[Site "Montreal CAN"]
[Date "2002.08.25"]
[Round "4"]
[White "McDonough, Jonathan"]
[Black "Corriveau, Philippe"]
[Result "1-0"]
[WhiteElo "2036"]
[BlackElo "1934"]
[PlyCount "23"]
[EventDate "2002.08.23"]
[EventType "tourn"]
[EventRounds "5"]
[EventCountry "CAN"]

1. d4 Nf6 2. Nf3 e6 3. e3 b6 4. Bd3 Bb7 5. Nbd2 d5 6. Ne5 c5 7. c3 Bd6 8. O-O
O-O 9. Qf3 Nbd7 10. Nxd7 Qxd7 11. Qh3 e5 12. Bxh7+ 1-0

[Event "Rotation Amical 1"]
[Site "Montreal CAN"]
[Date "2002.08.25"]
[Round "4"]
[White "Singher, Jean-Pierre"]
[Black "Brassard, Sylvain"]
[Result "1-0"]
[WhiteElo "2032"]
[BlackElo "1971"]
[PlyCount "43"]
[EventDate "2002.08.23"]
[EventType "tourn"]
[EventRounds "5"]
[EventCountry "CAN"]

1. Nf3 Nf6 2. g3 c5 3. Bg2 g6 4. O-O Bg7 5. c4 O-O 6. Nc3 Nc6 7. a3 d6 8. Rb1
a5 9. d3 e5 10. Bg5 Be6 11. Ne1 Qd7 12. Nc2 Bh3 13. Bxf6 Bxg2 14. Kxg2 Bxf6 15.
Nd5 Bd8 16. e4 f5 17. b4 axb4 18. axb4 cxb4 19. Ncxb4 Ba5 20. Qa4 Bxb4 21. Qxa8
Rxa8 22. Nf6+ 1-0

[Event "Rotation Amical 1"]
[Site "Montreal CAN"]
[Date "2002.08.25"]
[Round "5"]
[White "Brassard, Sylvain"]
[Black "Ayotte, Jocelyn"]
[Result "1/2-1/2"]
[WhiteElo "1971"]
[BlackElo "2008"]
[PlyCount "94"]
[EventDate "2002.08.23"]
[EventType "tourn"]
[EventRounds "5"]
[EventCountry "CAN"]

1. g3 d5 2. Bg2 c6 3. Nf3 Nf6 4. d3 Nbd7 5. Nbd2 e5 6. O-O Bc5 7. c4 O-O 8. a3
a5 9. e3 dxc4 10. Nxc4 Qe7 11. d4 exd4 12. exd4 Bb6 13. Re1 Qd8 14. Nd6 Nb8 15.
Nxc8 Qxc8 16. Rb1 Nbd7 17. Bh3 Qb8 18. Re7 Qd6 19. Re2 Rae8 20. Bf4 Qd5 21.
Rxe8 Rxe8 22. Bg2 Qa2 23. Qd3 h6 24. b4 Nd5 25. Be3 Nc3 26. Re1 Qxa3 27. Qf5
Nf6 28. Bxh6 Rxe1+ 29. Nxe1 Bxd4 30. Bg5 Qxb4 31. Nd3 Qe7 32. Qc8+ Kh7 33. Qh3+
Kg8 34. Qc8+ Qe8 35. Qxb7 Nfe4 36. Be7 f5 37. Bh3 g6 38. Bg2 Kh8 39. Kf1 Qf7
40. Qc8+ Kh7 41. Bf8 Qc4 42. Qd7+ Kg8 43. Kg1 Qxd3 44. Qe6+ Kxf8 45. Bf1 Bxf2+
46. Kg2 Ng5 47. Qc8+ Kg7 1/2-1/2

[Event "Rotation Amical 1"]
[Site "Montreal CAN"]
[Date "2002.08.25"]
[Round "5"]
[White "Corriveau, Philippe"]
[Black "Singher, Jean-Pierre"]
[Result "1-0"]
[WhiteElo "1934"]
[BlackElo "2032"]
[PlyCount "45"]
[EventDate "2002.08.23"]
[EventType "tourn"]
[EventRounds "5"]
[EventCountry "CAN"]

1. e4 c5 2. Nc3 Nc6 3. g3 d6 4. Bg2 e5 5. d3 Be7 6. Nge2 h5 7. h3 Nd4 8. Nd5 h4
9. c3 Nxe2 10. Qxe2 Be6 11. Be3 Bxd5 12. exd5 hxg3 13. fxg3 Bg5 14. Bf2 Qe7 15.
O-O f5 16. Rae1 Nf6 17. Bxc5 dxc5 18. Rxf5 Nd7 19. d6 Qd8 20. Qg4 Bf6 21. Rh5
O-O 22. Bd5+ Rf7 23. Qg6 1-0

[Event "Rotation Amical 1"]
[Site "Montreal CAN"]
[Date "2002.08.25"]
[Round "5"]
[White "Masse, Hugues"]
[Black "McDonough, Jonathan"]
[Result "1-0"]
[WhiteElo "2124"]
[BlackElo "2036"]
[PlyCount "113"]
[EventDate "2002.08.23"]
[EventType "tourn"]
[EventRounds "5"]
[EventCountry "CAN"]

1. e4 e6 2. d4 d5 3. e5 c5 4. c3 Nc6 5. Nf3 Bd7 6. Be2 Nge7 7. Na3 cxd4 8. cxd4
Nf5 9. Nc2 Rc8 10. O-O Qb6 11. g4 Nfe7 12. Rb1 Na5 13. b3 Bb5 14. Bxb5+ Qxb5
15. a4 Qb6 16. Ba3 Ng6 17. Bxf8 Kxf8 18. Qd2 h6 19. Na3 a6 20. b4 Nc4 21. Nxc4
Rxc4 22. Rfc1 Ke7 23. Rxc4 dxc4 24. b5 Rc8 25. a5 c3 26. axb6 cxd2 27. Nxd2
axb5 28. Rxb5 Nf4 29. Rc5 Rd8 30. Nb3 Nd5 31. Na5 Nxb6 32. Rb5 Nd5 33. Rxb7+
Kf8 34. Nc6 Rc8 35. Rb8 Rxb8 36. Nxb8 Nf4 37. Kf1 f6 38. exf6 gxf6 39. Nc6 Kf7
40. f3 Kg6 41. Kf2 Kg5 42. Ke3 Nd5+ 43. Ke4 Nc3+ 44. Ke3 Nd5+ 45. Ke4 Nc3+ 46.
Kd3 Nd5 47. Nd8 Kf4 48. Nxe6+ Kxf3 49. h3 Ne7 50. Ng7 Nd5 51. Nh5 Kg2 52. Ke4
Nc3+ 53. Kf5 Kxh3 54. Nxf6 Kh4 55. d5 Nb5 56. Kg6 Nd6 57. Kxh6 1-0

[Event "Rotation par equipes"]
[Site "Charlesbourg CAN"]
[Date "2002.10.07"]
[Round "1"]
[White "Dussault, Jean-Charles"]
[Black "Coulon, Dominic"]
[Result "1-0"]
[WhiteElo "1420"]
[BlackElo "1620"]
[PlyCount "37"]
[EventDate "2002.10.27"]
[EventType "team"]
[EventRounds "5"]
[EventCountry "CAN"]

1. e4 e6 2. d4 d5 3. Nd2 Nf6 4. e5 Nfd7 5. c3 c5 6. Bd3 Nc6 7. Ne2 cxd4 8. cxd4
f6 9. exf6 Nxf6 10. O-O Bd6 11. Nf3 O-O 12. Bd2 Ng4 13. Ng3 e5 14. dxe5 Rxf3
15. Qxf3 Qh4 16. h3 Bxe5 17. Qxd5+ Kh8 18. Qe4 Bd7 19. Bg5 1-0

[Event "Rotation par equipes"]
[Site "Charlesbourg CAN"]
[Date "2002.10.07"]
[Round "1"]
[White "Fecteau, Martin"]
[Black "Caire, Francois"]
[Result "0-1"]
[WhiteElo "1922"]
[BlackElo "2113"]
[PlyCount "100"]
[EventDate "2002.10.27"]
[EventType "team"]
[EventRounds "5"]
[EventCountry "CAN"]

1. d4 Nf6 2. c4 e6 3. Nc3 Bb4 4. e3 b6 5. Nf3 Bb7 6. Bd3 O-O 7. O-O d5 8. a3
Bd6 9. cxd5 exd5 10. Nb5 Be7 11. Qc2 c6 12. Nc3 Nbd7 13. b4 a5 14. b5 c5 15.
dxc5 Nxc5 16. Bf5 g6 17. Bh3 Bc8 18. Bxc8 Rxc8 19. Nd4 Nfe4 20. Nc6 Rxc6 21.
bxc6 Nxc3 22. c7 Qd6 23. Bb2 Nb5 24. a4 Nxc7 25. Qc3 f6 26. Rfd1 Qd7 27. Qc2 f5
28. Bd4 N7e6 29. Be5 Bf6 30. Bxf6 Rxf6 31. Qb2 Qd8 32. Qe5 Nc7 33. Rac1 Re6 34.
Qc3 Re4 35. Rd4 N7e6 36. Rxe4 dxe4 37. Qe5 Kf7 38. Rf1 Nxa4 39. f3 exf3 40.
Rxf3 Qf6 41. Qb5 Nec5 42. Qc4+ Qe6 43. Qh4 Kg7 44. Rh3 h5 45. Qd8 Qd7 46. Qxd7+
Nxd7 47. Rf3 Nc3 48. Rf1 b5 49. Ra1 a4 50. Kf2 Nc5 0-1

[Event "Rotation par equipes"]
[Site "Charlesbourg CAN"]
[Date "2002.10.21"]
[Round "3"]
[White "Beaudoin, Stephane"]
[Black "Caire, Francois"]
[Result "0-1"]
[WhiteElo "1982"]
[BlackElo "2113"]
[PlyCount "132"]
[EventDate "2002.10.27"]
[EventType "team"]
[EventRounds "5"]
[EventCountry "CAN"]

1. e4 e5 2. Bc4 Nf6 3. d3 c6 4. Nf3 d5 5. Bb3 Bd6 6. O-O dxe4 7. Ng5 O-O 8.
Nxe4 Nxe4 9. dxe4 Qe7 10. Nd2 Be6 11. Nc4 Bc5 12. Ne3 Bxe3 13. Bxe3 Nd7 14. Qf3
Rfd8 15. Qg3 f6 16. Rfd1 Bxb3 17. axb3 b6 18. f3 Nc5 19. Qf2 Ne6 20. Qe2 c5 21.
c3 Rxd1+ 22. Rxd1 Rd8 23. Rd5 Nc7 24. Rd2 Kf8 25. Kf1 Ke8 26. Qd1 Rxd2 27. Qxd2
Qe6 28. Qd1 Ke7 29. Qc2 Qd7 30. Ke2 Qb5+ 31. Kf2 Qd7 32. Ke2 Qd6 33. Qd3 Qe6
34. Kd2 Qxb3 35. Qc2 Qxc2+ 36. Kxc2 Ne6 37. Kb3 Kd6 38. Ka4 Kc6 39. b4 cxb4 40.
cxb4 Nd4 41. Bf2 a6 42. f4 Ne2 43. fxe5 fxe5 44. Be1 Nf4 45. Bc3 Kd6 46. g3 Ne6
47. h4 Nd4 48. g4 Nf3 49. h5 Ng5 50. Bd2 Nxe4 51. Be3 Kc6 52. g5 Ng3 53. g6 h6
54. Bxh6 Nxh5 55. Bg5 Nf4 56. Bf6 Nxg6 57. Bxg7 Kd5 58. Bf6 Nf8 59. Be7 Nd7 60.
Bc5 Kc4 61. Be3 e4 62. Bf2 Kd5 63. b5 a5 64. Bxb6 Nxb6+ 65. Kxa5 Nc4+ 66. Kb4
e3 0-1

[Event "Rotation par equipes"]
[Site "Charlesbourg CAN"]
[Date "2002.11.04"]
[Round "5"]
[White "Lessard, Claude"]
[Black "Caire, Francois"]
[Result "1/2-1/2"]
[WhiteElo "1998"]
[BlackElo "2113"]
[PlyCount "93"]
[EventDate "2002.10.27"]
[EventType "team"]
[EventRounds "5"]
[EventCountry "CAN"]

1. d4 Nf6 2. Nf3 b6 3. c4 e6 4. g3 Ba6 5. Qc2 c5 6. dxc5 Bxc5 7. Bg2 Nc6 8. a3
Bb7 9. O-O Rc8 10. Nbd2 d5 11. b4 Be7 12. cxd5 Nxd5 13. Qb3 O-O 14. e4 Nf6 15.
Bb2 Qc7 16. Rac1 Qb8 17. e5 Nd5 18. h4 Rfd8 19. Bh3 Qa8 20. Rfd1 h6 21. Ne4 a6
22. Nh2 Na7 23. Nd6 Rxc1 24. Rxc1 Bxd6 25. exd6 Rxd6 26. Be5 Rc6 27. Rd1 Nb5
28. Bg2 Rc8 29. Ng4 h5 30. Ne3 Nxe3 31. Bxb7 Qxb7 32. Qxe3 f6 33. Bxf6 gxf6 34.
Qxe6+ Kf8 35. Qxf6+ Kg8 36. Qg6+ Kf8 37. Qxh5 Kg8 38. Qg4+ Kh8 39. a4 Na7 40.
Kh2 Rf8 41. Qh5+ Kg7 42. Qg5+ Kh7 43. Qh5+ Kg7 44. Qg4+ Kh8 45. f4 Rg8 46. Qh5+
Qh7 47. Qe5+ 1/2-1/2

[Event "Saturday Fall Active op"]
[Site "Toronto CAN"]
[Date "2002.09.28"]
[Round "1"]
[White "Findlay, Ian"]
[Black "Henry, Liam"]
[Result "1-0"]
[WhiteElo "2337"]
[BlackElo "1739"]
[PlyCount "24"]
[EventDate "2002.09.28"]
[EventType "swiss (rapid)"]
[EventRounds "6"]
[EventCountry "CAN"]

1. e4 c5 2. Nf3 d6 3. d4 cxd4 4. Nxd4 Nf6 5. Nc3 a6 6. Bg5 e6 7. f4 Be7 8. Qf3
Qc7 9. O-O-O Nbd7 10. g4 b5 11. Bxf6 gxf6 12. Kb1 Bb7 1-0

[Event "September TNT"]
[Site "Winnipeg CAN"]
[Date "2002.09.03"]
[Round "1"]
[White "Lange, John"]
[Black "Rutter, Blair"]
[Result "0-1"]
[WhiteElo "1382"]
[BlackElo "1613"]
[PlyCount "102"]
[EventDate "2002.09.03"]
[EventType "swiss"]
[EventRounds "4"]
[EventCountry "CAN"]

1. e4 d6 2. Nf3 Nc6 3. d4 Bg4 4. Be3 Nf6 5. Nbd2 e6 6. Be2 Be7 7. O-O O-O 8. a3
a6 9. c4 Nb8 10. b4 c6 11. Ne1 Bxe2 12. Qxe2 Nbd7 13. Nd3 Rc8 14. f4 d5 15.
exd5 cxd5 16. c5 b6 17. Ne5 b5 18. Rac1 Rc7 19. Ndf3 Ne4 20. Nd2 f5 21. Nxe4
dxe4 22. Rfd1 Nf6 23. h3 Qc8 24. Qa2 Nd5 25. Bf2 Nxf4 26. Bg3 Bg5 27. Rc3 Nd5
28. Rb3 f4 29. Qd2 e3 30. Qd3 fxg3 31. c6 Rf2 32. Qe4 Nf4 33. Ng4 Rxg2+ 34. Kh1
Re2 35. Rxe3 Rxe3 36. Nxe3 Rxc6 37. h4 Bh6 38. Ng4 Ng6 39. Nxh6+ gxh6 40. Qg4
Qb7 41. Kg1 Qf7 42. Qxg3 h5 43. Rf1 Qe7 44. Qf3 Rd6 45. Qxh5 Qxh4 46. Qf3 Qxd4+
47. Kh2 Qe5+ 48. Kg1 Qg5+ 49. Kh2 Rd2+ 50. Rf2 Rxf2+ 51. Qxf2 Qf4+ 0-1

[Event "September TNT"]
[Site "Winnipeg CAN"]
[Date "2002.09.10"]
[Round "2"]
[White "Anderson, George"]
[Black "Gibbons, Lorne"]
[Result "1-0"]
[WhiteElo "1500"]
[BlackElo "1254"]
[PlyCount "23"]
[EventDate "2002.09.03"]
[EventType "swiss"]
[EventRounds "4"]
[EventCountry "CAN"]

1. d4 d5 2. Nf3 Bf5 3. e3 Nf6 4. Nbd2 e6 5. Bd3 Bxd3 6. cxd3 Bd6 7. e4 Nfd7 8.
O-O O-O 9. Re1 f6 10. Nf1 Nc6 11. Bd2 Qe7 12. exd5 1-0

[Event "September TNT"]
[Site "Winnipeg CAN"]
[Date "2002.09.10"]
[Round "2"]
[White "Rutter, Blair"]
[Black "Proulx, Roy"]
[Result "0-1"]
[WhiteElo "1613"]
[BlackElo "1755"]
[PlyCount "92"]
[EventDate "2002.09.03"]
[EventType "swiss"]
[EventRounds "4"]
[EventCountry "CAN"]

1. d4 d5 2. c4 e6 3. Nf3 dxc4 4. e4 Nf6 5. Nc3 Bb4 6. Bd2 Bxc3 7. Bxc3 Nxe4 8.
Bxc4 Nxc3 9. bxc3 c5 10. O-O O-O 11. Qb3 cxd4 12. Rad1 Nc6 13. Bb5 Qb6 14. Nxd4
Na5 15. Qa4 a6 16. Bd3 Qc7 17. c4 Bd7 18. Qc2 h6 19. Rfe1 Rac8 20. Rc1 Rfd8 21.
Nf3 Nc6 22. Qe2 Qf4 23. g3 Qg4 24. Qe3 Be8 25. Red1 Rd7 26. Be2 Rxd1+ 27. Rxd1
Qf5 28. Bd3 Qa5 29. Qe4 g6 30. Nh4 Qe5 31. Qg4 f5 32. Qh3 Nd4 33. Ng2 Kg7 34.
Kf1 Qf6 35. Nf4 Bc6 36. Re1 e5 37. Ne2 Nf3 38. Rd1 Ba4 39. Rc1 e4 40. Bb1 Qb2
41. g4 Nd2+ 42. Kg2 Nxb1 43. Re1 Rf8 44. gxf5 Rxf5 45. Qh4 Rg5+ 46. Kf1 Nd2#
0-1

[Event "September TNT"]
[Site "Winnipeg CAN"]
[Date "2002.09.10"]
[Round "2"]
[White "Tetrault, Claude"]
[Black "Prystenski, Arthur"]
[Result "0-1"]
[WhiteElo "1613"]
[BlackElo "2223"]
[PlyCount "60"]
[EventDate "2002.09.03"]
[EventType "swiss"]
[EventRounds "4"]
[EventCountry "CAN"]

1. d4 e6 2. Nf3 d5 3. c4 c5 4. Nc3 dxc4 5. Bf4 b5 6. e3 Nf6 7. Be2 Nd5 8. Nxd5
exd5 9. O-O Bb7 10. Re1 Nd7 11. h3 cxd4 12. exd4 Bb4 13. Nd2 g5 14. Bg3 Qa5 15.
Nf3 Bxe1 16. Qxe1 Qxe1+ 17. Rxe1 f6 18. Bd6 Nb6 19. b3 Kf7 20. Nh2 Rhd8 21.
Bh5+ Kg7 22. Bb4 Rdc8 23. Rc1 cxb3 24. Rxc8 Nxc8 25. axb3 a5 26. Bc3 a4 27.
bxa4 bxa4 28. Be2 Nd6 29. Nf3 Ne4 30. Ba1 Rc8 0-1

[Event "September TNT"]
[Site "Winnipeg CAN"]
[Date "2002.09.10"]
[Round "2"]
[White "Wasney, Mark"]
[Black "Lange, John"]
[Result "0-1"]
[WhiteElo "1746"]
[BlackElo "1382"]
[PlyCount "84"]
[EventDate "2002.09.03"]
[EventType "swiss"]
[EventRounds "4"]
[EventCountry "CAN"]

1. e4 c6 2. d4 d5 3. Nc3 dxe4 4. Nxe4 Bf5 5. Ng3 Bg6 6. Nf3 h6 7. Bd3 Bxd3 8.
Qxd3 e6 9. O-O Bd6 10. Qb3 Qc7 11. Ne4 Be7 12. g3 Nf6 13. Bf4 Qb6 14. Qxb6 axb6
15. Nd6+ Bxd6 16. Bxd6 Ne4 17. Bc7 Nd7 18. Rfe1 Rc8 19. Bf4 f5 20. Nd2 Ndf6 21.
f3 g5 22. fxe4 gxf4 23. exf5 fxg3 24. Rxe6+ Kf7 25. hxg3 Rhg8 26. Kf2 Rg4 27.
Nc4 Rxd4 28. Ne5+ Kg7 29. Re7+ Kg8 30. Rh1 Nd5 31. Rd7 Rd2+ 32. Kf3 Rf8 33. g4
Re8 34. Re1 Rh2 35. c4 Rh3+ 36. Kf2 Nf6 37. Kg2 Nxd7 38. Kxh3 Nxe5 39. Kg3 Kf7
40. Rh1 Kg7 41. Re1 Kf6 42. Kf4 Nd3+ 0-1

[Event "September TNT"]
[Site "Winnipeg CAN"]
[Date "2002.09.17"]
[Round "3"]
[White "Lange, John"]
[Black "Pottinger, Carl"]
[Result "0-1"]
[WhiteElo "1382"]
[BlackElo "1568"]
[PlyCount "64"]
[EventDate "2002.09.03"]
[EventType "swiss"]
[EventRounds "4"]
[EventCountry "CAN"]

1. e4 c5 2. Nf3 d6 3. d4 cxd4 4. Nxd4 Nc6 5. Be3 g6 6. c3 Bg7 7. Nd2 Nf6 8. Be2
O-O 9. O-O Bd7 10. Qc2 Rc8 11. a3 a6 12. b4 Ng4 13. Bxg4 Bxg4 14. N2b3 Nxd4 15.
Bxd4 Bxd4 16. Nxd4 Rc4 17. f3 Bd7 18. Rac1 Qb6 19. Kh1 Rfc8 20. Ne2 Qe3 21.
Rfe1 Be6 22. Qb2 Qb6 23. Nf4 Qc7 24. Nxe6 fxe6 25. Re3 d5 26. e5 d4 27. Re4
Rxc3 28. Rxc3 Qxc3 29. Qxc3 Rxc3 30. h3 d3 31. Kg1 d2 32. Rd4 Rc1+ 0-1

[Event "September TNT"]
[Site "Winnipeg CAN"]
[Date "2002.09.17"]
[Round "3"]
[White "Milord, Frank"]
[Black "Anderson, Corey"]
[Result "0-1"]
[WhiteElo "1681"]
[BlackElo "1507"]
[PlyCount "44"]
[EventDate "2002.09.03"]
[EventType "swiss"]
[EventRounds "4"]
[EventCountry "CAN"]

1. d4 Nf6 2. c4 c5 3. d5 e6 4. Nc3 exd5 5. cxd5 d6 6. e4 g6 7. h3 Bg7 8. Nf3
O-O 9. Bd3 a6 10. a4 Qc7 11. Nd2 Nbd7 12. O-O Re8 13. Nc4 Rb8 14. Bf4 Bf8 15.
Qd2 b5 16. axb5 axb5 17. Na5 c4 18. Nc6 cxd3 19. Nxb8 Qxb8 20. b4 Nxe4 21. Qxd3
Nxc3 22. Qxc3 Bg7 0-1

[Event "September TNT"]
[Site "Winnipeg CAN"]
[Date "2002.09.17"]
[Round "3"]
[White "Proulx, Roy"]
[Black "Trueman, Francis"]
[Result "1-0"]
[WhiteElo "1755"]
[BlackElo "1538"]
[PlyCount "47"]
[EventDate "2002.09.03"]
[EventType "swiss"]
[EventRounds "4"]
[EventCountry "CAN"]

1. e4 d6 2. d4 Nf6 3. Nc3 g6 4. h3 Bg7 5. Be3 O-O 6. Qd2 Nbd7 7. O-O-O c6 8.
Bh6 e5 9. Bxg7 Kxg7 10. g4 b5 11. g5 Nh5 12. dxe5 Nxe5 13. Qxd6 Qxg5+ 14. Kb1
Bb7 15. Qc7 Rab8 16. h4 Qf6 17. Nh3 Rfc8 18. Qa5 Nc4 19. Bxc4 bxc4 20. Qxa7 Qe7
21. Qd4+ Kg8 22. Qxc4 Qxh4 23. Rdg1 Nf6 24. Ng5 1-0

[Event "September TNT"]
[Site "Winnipeg CAN"]
[Date "2002.09.17"]
[Round "3"]
[White "Prystenski, Arthur"]
[Black "Kwiatek, Jordan"]
[Result "1-0"]
[WhiteElo "2223"]
[BlackElo "1413"]
[PlyCount "43"]
[EventDate "2002.09.03"]
[EventType "swiss"]
[EventRounds "4"]
[EventCountry "CAN"]

1. d4 Nf6 2. Nf3 g6 3. g3 Bg7 4. Bg2 c5 5. c4 O-O 6. O-O d5 7. dxc5 Na6 8. cxd5
Nxc5 9. Na3 Qb6 10. Be3 Qxb2 11. Bxc5 Qc3 12. Rc1 Qa5 13. Bxe7 Re8 14. d6 Nd5
15. Bg5 h6 16. Be3 Nxe3 17. fxe3 Qd8 18. Rc7 Rxe3 19. d7 Bxd7 20. Qxd7 Qxd7 21.
Rxd7 Rb8 22. Nh4 1-0

[Event "September TNT"]
[Site "Winnipeg CAN"]
[Date "2002.09.24"]
[Round "4"]
[White "Czypinski, Jaroslaw"]
[Black "Pottinger, Carl"]
[Result "1-0"]
[WhiteElo "1906"]
[BlackElo "1568"]
[PlyCount "39"]
[EventDate "2002.09.03"]
[EventType "swiss"]
[EventRounds "4"]
[EventCountry "CAN"]

1. e4 c5 2. c3 Nc6 3. d4 cxd4 4. cxd4 d6 5. Nf3 g6 6. Nc3 Bg7 7. Be3 Nf6 8. Be2
O-O 9. Qd2 Bd7 10. Bh6 Qa5 11. Bxg7 Kxg7 12. O-O Rac8 13. d5 Ne5 14. Nxe5 dxe5
15. f4 exf4 16. Rxf4 Rc5 17. Qd4 e5 18. dxe6 Qb6 19. Qxf6+ Kg8 20. exf7+ 1-0

[Event "September TNT"]
[Site "Winnipeg CAN"]
[Date "2002.09.24"]
[Round "4"]
[White "Kwiatek, Jordan"]
[Black "Milord, Frank"]
[Result "1/2-1/2"]
[WhiteElo "1413"]
[BlackElo "1681"]
[PlyCount "102"]
[EventDate "2002.09.03"]
[EventType "swiss"]
[EventRounds "4"]
[EventCountry "CAN"]

1. c4 Nf6 2. Nc3 g6 3. Nf3 Bg7 4. g3 O-O 5. Bg2 c6 6. Qb3 Qb6 7. O-O Qxb3 8.
axb3 d5 9. d3 Rd8 10. Be3 Na6 11. h3 Ne8 12. d4 Nb4 13. Ra4 a5 14. c5 Bf5 15.
Rfa1 Nc2 16. R1a2 Nb4 17. Ra1 Nc2 18. Rc1 Nxe3 19. fxe3 Bh6 20. Kf2 Nf6 21.
Rca1 Bc2 22. R4a3 Ne4+ 23. Nxe4 Bxe4 24. Rxa5 Rxa5 25. Rxa5 Rb8 26. Ra4 f6 27.
h4 Bc2 28. Rb4 Bg7 29. g4 e5 30. Ne1 Bb1 31. Nd3 exd4 32. exd4 Bxd3 33. exd3
Kf7 34. Kf3 Bh6 35. Kg3 Bc1 36. Bxd5+ cxd5 37. c6 b6 38. Ra4 Ke6 39. Ra7 Rc8
40. Rxh7 Bxb2 41. Rg7 Bxd4 42. Rxg6 Kf7 43. Rh6 Kg7 44. Rh5 Be5+ 45. Kf3 Rxc6
46. g5 fxg5 47. Rxg5+ Kf6 48. Ke3 Re6 49. d4 Bg3+ 50. Kd3 Bxh4 51. Rxd5 Be1
1/2-1/2

[Event "September TNT"]
[Site "Winnipeg CAN"]
[Date "2002.09.24"]
[Round "4"]
[White "Lange, John"]
[Black "Anderson, George"]
[Result "0-1"]
[WhiteElo "1382"]
[BlackElo "1475"]
[PlyCount "128"]
[EventDate "2002.09.03"]
[EventType "swiss"]
[EventRounds "4"]
[EventCountry "CAN"]

1. e4 e6 2. d4 d5 3. e5 Bd7 4. Nf3 c5 5. c3 Qb6 6. Qc2 Bb5 7. Bxb5+ Qxb5 8. Na3
Qa6 9. b3 Nd7 10. Qd2 cxd4 11. Nc2 dxc3 12. Qxc3 Nb6 13. Nb4 Bxb4 14. Qxb4 Ne7
15. Bg5 Nc6 16. Qd6 Nc8 17. Qc7 Qa5+ 18. Qxa5 Nxa5 19. O-O O-O 20. Rac1 Nb6 21.
Nd4 a6 22. Bd2 Nc6 23. Nxc6 bxc6 24. Rxc6 Nd7 25. f4 g5 26. g3 gxf4 27. gxf4
Kh8 28. Kf2 Rg8 29. Rg1 Rxg1 30. Kxg1 Kg7 31. Kf2 Kg6 32. Kf3 h5 33. h4 a5 34.
a3 Ra7 35. Rc8 Rb7 36. b4 axb4 37. Bxb4 Nb6 38. Rg8+ Kh7 39. Rg5 Nc4 40. Rxh5+
Kg6 41. Rg5+ Kh7 42. Ke2 Rd7 43. Kd3 Nb6 44. Kd4 Rc7 45. Kd3 Rc4 46. Bf8 Rxf4
47. Rg7+ Kh8 48. h5 Nc4 49. Rg5 Nxa3 50. Bxa3 Rf3+ 51. Kd4 Rxa3 52. Kc5 Rf3 53.
Kd6 Kh7 54. Ke7 Kh6 55. Rg8 Kxh5 56. Rg7 d4 57. Rxf7 Rxf7+ 58. Kxf7 d3 59. Kxe6
d2 60. Kf7 d1=Q 61. e6 Qf3+ 62. Ke8 Kg6 63. e7 Qc6+ 64. Kd8 Kf7 0-1